000 00406nam a2200145Ia 4500
008 230917s9999||||xx |||||||||||||| ||und||
040 _e103022
_aMAIN
041 _aEnglish
082 _a658.409 D111S
100 _aDabas, R S
245 0 _aSuccess and beyond: your mantra as for peak performance and fullfilment
260 _aNew Delhi
_bNew Age International
_c2002
300 _a317p p.
942 _cBK
999 _c119327
_d119327